000 00405nam a2200145Ia 4500
008 230917s9999||||xx |||||||||||||| ||und||
040 _e177862
_aMAIN
041 _aEnglish
082 _a891.431721 SR92S
100 _aसतीश कुमार
245 0 _aरामचंद्र शुक्ल और उनकी कविता
260 _c2005
300 _a240 पृ. p.
942 _cTH
999 _c124571
_d124571